000 00563nam a2200169Ia 4500
008 090711s9999 xx 000 0 und d
082 _b46471
100 _aगोडबोले मंदाकिनी
245 _aरक्ताळलेली भिंत
260 _c1983
300 _a251
600 _aगोडबोले मंदाकिनी
630 _aरक्ताळलेली भिंत
700 _aगोडबोले मंदाकिनी
730 _aरक्ताळलेली भिंत
942 _cBOOK
999 _c309013
_d309013